| 000 | 00680nam a2200169 4500 | ||
|---|---|---|---|
| 001 | 131842 | ||
| 003 | ES-MaACL | ||
| 005 | 20230906194045.0 | ||
| 007 | t| | ||
| 008 | 070214s1970 sp r ||||1| spa d | ||
| 100 | 1 |
_aRodríguez Molero, Francisco X. _998669 |
|
| 245 | 1 | 0 |
_aMensaje actual de Santa Teresa, Doctora de la Iglesia _b: discurso leído en la solemne apertura del curso académico 1970-71 en la Facultad de Teología de Granada / _cFrancisco J. Rodríguez Molero, S. J. |
| 260 |
_aGranada : _bFacultad de Teología, _c1970. |
||
| 300 |
_a102 p. ; _c24 cm. |
||
| 710 | 2 |
_aUniversidad de Granada. _bFacultad de Teología. _97186 |
|
| 852 |
_aES-MaACL _jC-41324 _bR.75683 |
||
| 999 |
_c131842 _d131842 |
||